Music Quiz

Random Music or Clickable Quiz

Musician by Biography Title Quiz Stats

Quiz Updated Nov 18, 2017

Also try: Biography: A
Challenge
Share
Tweet
Embed
Score 0/25 Timer 06:00
3 Plays Today
% Correct
Bruce Springsteen
90.6%
Aretha Franklin
90.5%
John Lennon
89.8%
Billy Joel
88.2%
Michael Jackson
87.9%
Frank Sinatra
85.1%
Lionel Richie
74%
Elvis Presley
72.6%
Freddie Mercury
71.9%
Madonna
70.6%
Prince
70.1%
Stevie Wonder
70%
Ray Charles
69.4%
% Correct
Sting
68.3%
Eric Clapton
65.8%
Paul Simon
63.7%
Jim Morrison
59.6%
David Bowie
55.6%
Stevie Nicks
55%
Elton John
53.3%
Joan Jett
52.9%
Janis Joplin
49.9%
Kurt Cobain
31%
Bob Dylan
23.2%
Jimi Hendrix
18.3%

You're not logged in!

Compare scores with friends on all Sporcle quizzes.
Sign Up with Email
OR
Log In

You Might Also Like...

Show Comments

Extras

Top Quizzes Today


Score Distribution

Your Account Isn't Verified!

In order to create a playlist on Sporcle, you need to verify the email address you used during registration. Go to your Sporcle Settings to finish the process.

Report this User

Report this user for behavior that violates our Community Guidelines.

Details: